[Event "IECC CL5-2000.06"]
[Site "IECC email"]
[Date "1999.12.18"]
[Round "?"]
[White "Arriola, Lennin"]
[Black "Patterson, Stephen J"]
[Result "1-0"]
[WhiteElo "1480"]
[BlackElo "1366"]
[PlyCount "57"]
[EventDate "2000.??.??"]
[EventType "tourn (corr)"]
[EventRounds "4"]
[SourceTitle "Corr 2008"]
[Source "ChessBase"]
[SourceDate "2008.06.24"]
[SourceVersion "1"]
[SourceVersionDate "2008.06.24"]
[SourceQuality "1"]

1. e4 c6 2. d4 d5 3. e5 Bf5 4. f4 Nd7 5. Nf3 e6 6. Be2 c5 7. c3 c4 8. 0-0 Qc7 9. Be3 Be7 10. Nbd2 h6 11. Bf2 g5 12. Be3 g4 13. Ne1 h5 14. g3 f6 15. Ng2 Nh6 16. b3 Ba3 17. bxc4 Bb2 18. cxd5 Bxa1 19. Qxa1 exd5 20. c4 Be6 21. f5 Nxf5 22. cxd5 Nxg3 23. hxg3 Bxd5 24. Nf4 Bg8 25. Ne4 h4 26. e6 Nb6 27. d5 hxg3 28. Bb5+ Kf8 29. Qxf6+ 1-0